Marketing channels <a> Management view

Enregistré dans:
Détails bibliographiques
Auteur principal: Rosenbloom, Bert
Format: Livre
Langue:anglais
Publié: Chicago The Dryden Press 1983
Édition:2. ed.
Collection:<The> Dryden press series in marketing
Sujets:
Tags: Ajouter un tag
Pas de tags, Soyez le premier à ajouter un tag!

MARC

LEADER 00000nam a2200000 4500
001 c101040
005 20221123135512.9
020 |a 0-03-058996-7 
041 0 |a eng 
044 |a US 
245 1 0 |a Marketing channels  |b <a> Management view  |c Bert Rosenbloom 
250 |a 2. ed. 
264 1 |a Chicago  |b The Dryden Press  |c 1983 
300 |a 511 s. 
490 1 |a <The> Dryden press series in marketing 
830 0 |a <The> Dryden press series in marketing 
610 2 0 |a marketing 
610 2 0 |a kanály distribučné 
610 2 0 |a kanály odbytové 
610 2 0 |a manažment 
610 2 0 |a prostredie ekonomické 
610 2 0 |a distribúcia 
610 2 0 |a konkurencia 
610 2 0 |a konflikty 
610 2 0 |a vývoj 
610 2 0 |a riadenie 
610 2 0 |a štúdie prípadové 
610 2 0 |a trh 
100 1 |a Rosenbloom, Bert